The sex offender / 5 Issues in assessment, treatment, and supervision of adult and juvenile populations
| Format: | Print Book |
|---|---|
| Language: | English |
| Published: |
Kingston, NJ
Civic Research Inst.
2005
|
| In: |
The sex offender
Year: 2005 |
| Availability in Tübingen: | Present in Tübingen. UB: KB 19 A 6448-5 |
| Check availability: | HBZ Gateway |
| Subito Delivery Service: | Order now. |
MARC
| LEADER | 00000cam a2200000 cc4500 | ||
|---|---|---|---|
| 001 | 1188905155 | ||
| 003 | DE-627 | ||
| 005 | 20220525141003.0 | ||
| 007 | tu | ||
| 008 | 050802s2005 xx ||||| 00| ||eng c | ||
| 020 | |a 1887554491 |9 1-887554-49-1 | ||
| 035 | |a (DE-627)1188905155 | ||
| 035 | |a (DE-576)118905155 | ||
| 035 | |a (DE-599)BSZ118905155 | ||
| 035 | |a (OCoLC)315125832 | ||
| 040 | |a DE-627 |b ger |c DE-627 |e rakwb | ||
| 041 | |a eng | ||
| 245 | 0 | 4 | |a The sex offender |n 5 |p Issues in assessment, treatment, and supervision of adult and juvenile populations |c ed. by Barbara K. Schwartz ... |
| 264 | 1 | |a Kingston, NJ |b Civic Research Inst. |c 2005 | |
| 300 | |a Getr. Zählung | ||
| 336 | |a Text |b txt |2 rdacontent | ||
| 337 | |a ohne Hilfsmittel zu benutzen |b n |2 rdamedia | ||
| 338 | |a Band |b nc |2 rdacarrier | ||
| 583 | 1 | |a Archivierung prüfen |c 20200919 |f DE-640 |z 2 |2 pdager | |
| 773 | 1 | 8 | |a The sex offender |w (DE-627)112346300X |w (DE-576)053463005 |g 5 |q 5 |7 nnam |
| 951 | |a MV | ||
| ELC | |b 1 | ||
| LOK | |0 000 xxxxxcx a22 zn 4500 | ||
| LOK | |0 001 2500369935 | ||
| LOK | |0 003 DE-627 | ||
| LOK | |0 004 1188905155 | ||
| LOK | |0 005 20051227150611 | ||
| LOK | |0 008 051227||||||||||||||||ger||||||| | ||
| LOK | |0 040 |a DE-21 |c DE-627 |d DE-21 | ||
| LOK | |0 852 |a DE-21 | ||
| LOK | |0 852 1 |c KB 19 A 6448-5 |9 00 | ||
| LOK | |0 935 |a krim | ||
| LOK | |0 936ln |a k10.14 | ||
| LOK | |0 938 |l 27/12/05 |8 6 | ||
| LOK | |0 939 |a 27-12-05 |b l01 | ||
| ORI | |a SA-MARC-krimdoka001.raw | ||
| SIG | |a UB: KB 19 A 6448-5 | ||
